书目信息 |
| 题名: |
报关原理与实务
|
|
| 作者: | 余根深 主编 | |
| 分册: | ||
| 出版信息: | 上海 同济大学出版社 2006 |
|
| 页数: | 285页 | |
| 开本: | 23cm | |
| 丛书名: | 国际物流管理系列丛书 | |
| 单 册: | ||
| 中图分类: | F752.5 | |
| 科图分类: | ||
| 主题词: | 进出口贸易--海关手续--中国 , 进出口贸易 , 海关手续 | |
| 电子资源: | ||
| ISBN: | 7-5608-3197-4 | |
| 000 | 00904oam2 2200277 450 | |
| 001 | 012007221629 | |
| 005 | 20070516171415.21 | |
| 010 | @a7-5608-3197-4@dCNY28.80 | |
| 100 | @a20070426d2006 km y0chiy0120 ea | |
| 101 | 0 | @achi |
| 102 | @aCN@b310000 | |
| 105 | @aa z 000yy | |
| 106 | @ar | |
| 200 | 1 | @a报关原理与实务@Abao guan yuan li yu shi wu@f余根深主编@Fyu gen shen zhu bian |
| 210 | @a上海@c同济大学出版社@d2006 | |
| 215 | @a285页@c图@d23cm | |
| 225 | 2 | @a国际物流管理系列丛书 |
| 330 | @a本书理论结合实践,在深刻阐述了报关的理论知识的基础上,强化了报关知识的实际操作性。从海关知识到报关程序,再到对外贸知识,都有深入浅出的论述。 | |
| 461 | 0 | @12001 @a国际物流管理系列丛书 |
| 606 | 0 | @a进出口贸易@x海关手续@y中国 |
| 606 | 0 | @a进出口贸易 |
| 606 | 0 | @a海关手续 |
| 690 | @aF752.5@v4 | |
| 701 | 0 | @a余根深@Ayu gen shen@4主编 |
| 801 | 0 | @aCN@bRULIN@c20070516 |
| 905 | @dF752.5@e19@s8 | |
| 报关原理与实务/余根深主编.-上海:同济大学出版社,2006 |
| 285页:图;23cm.-(国际物流管理系列丛书) |
| ISBN 7-5608-3197-4:CNY28.80 |
| 本书理论结合实践,在深刻阐述了报关的理论知识的基础上,强化了报关知识的实际操作性。从海关知识到报关程序,再到对外贸知识,都有深入浅出的论述。 |
| ● |
| 相关链接 |
|
|
|
|
正题名:报关原理与实务
索取号:F752.5/19
 
预约/预借
| 序号 | 登录号 | 条形码 | 馆藏地/架位号 | 状态 | 备注 |
| 1 | 0571433 | 205714333 | 第一样本阅览室/ [索取号:F752.5/19] | 在馆 | |
| 2 | 0571434 | 205714342 | 第一借阅区/ [索取号:F752.5/19] | 在馆 | |
| 3 | 0571435 | 205714351 | 第一借阅区/ [索取号:F752.5/19] | 在馆 | |
| 4 | 0571436 | 205714360 | 第一借阅区/ [索取号:F752.5/19] | 在馆 | |
| 5 | 0571437 | 205714379 | 第一借阅区/ [索取号:F752.5/19] | 在馆 | |
| 6 | 0571438 | 205714388 | 第一借阅区/ [索取号:F752.5/19] | 在馆 | |
| 7 | 0571439 | 205714397 | 第一借阅区/ [索取号:F752.5/19] | 在馆 | |
| 8 | 0571440 | 205714404 | 第一借阅区/ [索取号:F752.5/19] | 在馆 |